Filipinas: El Filibusterismo Quiz Stats

 Plays Quiz not verified by Sporcle

Score 0/120 Timer 15:00
0 Plays Today
Hinihingi Sagot % Correct
Kursong kinuha ni BasilioMedisina
89.6%
Pamangkin ni Donya VictorinaPaulita Gomez
87.7%
Iminungkahi ni Simoun na maghukay ng kanal mula Maynila hanggang...Laguna
60.2%
Tama o Mali: Ang hininging tubos kay Tales ay P550Mali
57.6%
Tama o Mali: 13 taon na ang nakararaan ng namatay ang ina ni BasilioTama
57.4%
Tama o Mali: Ang napuna sa tatlong haring mago ay si Haring Baltazar dahil sa itsura nitoMali
51.3%
Tama o Mali: Ang pangalan ng Kabanata 8 ay Maligayang BatiMali
50.4%
Tama o Mali: Ang lalaking nakabanaag ni Isagani ay si Pecson sa Kabanata 7Mali
48.9%
Tama o Mali: 20 na hakbang ang layo ng binaril ni SimounMali
45.2%
Tawag sa Akademyang nais ipatayo ng mga kabataanAkademia ng Wikang Kastila
45.1%
Tama o Mali: Sa Ateneo nag-aaral si PlacidoMali
41%
Oo o Hindi: Pumayag ba ang tauhan na tinutukoy sa Blg. 39 na sumaliHindi
38.1%
Dito nagsimulang mag- aral si BasilioSan Juan de Letran
36.5%
Tama o Mali: Magaling sa Teolohiya ang propesorTama
35.6%
Tama o Mali: May takot sa baril si QuirogaTama
35.2%
Tama o Mali: P90,000.00 ang bilang ng utang ni Quiroga kay SimounMali
34.5%
Isa pang tawag sa Bapor TaboBapor ng Pamahalaan
32.4%
Dahilan kung bakit binugbog ang kutsero (unang bugbog)Walang sedula
30.9%
Tauhang mangangalakal na IntsikQuiroga
30.8%
Apelyido nina Kabesang TalesDe Dios
29.1%
Nang bumagon si Simoun, laking gulat niya na nawala na itoRebolber
28.1%
Mag-aaral na sobrang tamad pumasokTadeo
26.7%
Prayleng pabor sa pagpapatayo ng Academia ng Wikang KastilaPadre Irene
25.2%
Limang letrang nakasulat sa isang papel sa isang bangkay (ALL CAPS)TALES
25.1%
Ang tauhang bibili ng singsing na sabi ay ipinangako daw niya sa Birhen ng AntipoloHermana Penchang
23.8%
Sabi ni Juanito, ang tauhang ito ay may palabas sa isang PeryaGinoong Leeds
22.8%
Dahilan kung bakit namatay ang asawa't anak ni TalesMalaria
22.5%
Dating nag-ampon kay BasilioTata Selo
22.2%
Ikatlong armas na hawak ni TalesPalakol
21.4%
Pinakamaayos na bahay ayon kay SimounBahay ni Kabesang Tales
21.3%
Tauhang nag-aaral sa Pilipinas ngunit may dugong KastilaSandoval
21%
Nagsabing demonyong nagbabalat- kayong estudyante si BasilioHermana Penchang
20.8%
Siya ang paring dating kamag-aral ni Ginoong PastaPadre Florentino
19.9%
Dito ang lugar kung saan ang peryaQuiapo
18.8%
Tauhang pesimistiko mag-isipPecson
18%
Dahilan kung bakit tinawag si Simoun na 'Kardinal Moreno'Tagapayo ng Kapitan Heneral
17.7%
Ito ang dahilan kung bakit naging katulong si HuliPantubos
17.4%
Ang tumapik sa balikat ng mag- aaral sa parehong KabanataJuanito Pelaez
17.3%
Pangalan ng ulo na may mahabang buhok na dumilatImuthis
16.2%
Alamat na tinutukoy sa Kabanata 3Alamat ng Malapad na Batong Buhay
14.8%
Hinihingi Sagot % Correct
Ayon sa Kabanata 2, si Padre Florentino ay nagpari dahil sa kagustuhan niyaIna
14.8%
Ito ang ipinakibili ng kura sa Kabanata 5Isang pares ng hikaw
14.7%
Bilang ng utang ng pulseras mayroon ang mangangalakalTatlo
14.7%
Pangalan ng tauhang tinutukoy sa Blg. 22 at 23 na isa sa mga kasama sa HimagsikanSinong
14.3%
Bilang ng tao mayroon sa bahay ni Quiroga12
14%
Pangalan ng mamamahayag na puna ng puna sa mga lilokBen Zayb
13.7%
Ayon sa Kabanata, kung taga- Paaralang Normal ka at isa kang babae, ano ang estado mo sa buhay?Mayaman
13.5%
Nangaso ang Kapitan Heneral ng ______Boso- Boso
13.4%
Dahilan kung bakit ulit binugbog ang kutseroWalang ilaw ang lampara
12.7%
Isa pang pangalan ni TanoCarolino
12.6%
Siya ang nakita ni Placido ng mag-ikot-ikot siya sa San FernandoSimoun
12.6%
UST: Sa halip na libro ay ito ang dalaBaston
11.9%
Naniniwalang pinarurusahan ng mga _____ si Kabesang TalesLamang Lupa
11.8%
Tawag sa mungkahing bunga ng matapat na paninirahan sa Hilagang AmerikaMungkahing Yangkee
11.7%
Dito na pumunta ang mahikero matapos utusan ng Gobernador na ihinto ang palabasHong Kong
11.7%
Siya ang inaanyayahan ni Padre Sybila na sumali sa sugalPadre Fernandez
11.3%
Ito ang linaro ng Kapitan HeneralTresilyo
11.2%
Tauhang tinutukoy sa Blg. 42-43Placido Penitente
11.2%
Barangay kung saan naninirahan ang kabesaBarangay Sagpang
11%
Dito dinala si Kabesang Tales ukol sa usaping lupaHusgado
10%
Buong pangalan ni Don CustodioDon Custodio de Salazar y Sanchez de Monteredondo
10%
Pangalan ng ama ni Juanito PelaezDon Timoteo Pelaez
10%
Ito ang unang tagpuan sa El FilibusterismoBapor Tabo
9.9%
Don Custodio (palayaw)Buena Tinta
9.4%
Dito na lamang daw mag-aaral si Placido ayon sa KabanataHong Kong
8.9%
Bilang ng kabanata sa El Filibusterismo38
8.9%
Unang lilok na sabi ng mamamahayag ay kamukha daw niyaPadre Camorra
8.7%
Bayan kung saan namalagi ang mag-aaral na tinutukoy sa Kabanata 12Tanawan
8.6%
Nagtuturo ang propesor na si Padre Millon ng...Kemika at Pisika
8.5%
Unang rinekomenda ni Don CustodioPepay
8.4%
Sa kanila inialay ang El FilibusterismoGOMBURZA
8.4%
Sa Kabanata kung saan si Sinong ay naroon, ano ang kwinento niya?Alamat ni Bernardo Carpio
8.3%
Isang matandang pandak na buhay na buhay ang mga mata na kaibigan ni Camaroncocido na maayos manamitTiyo Kiko
8.2%
Ayon sa kuwento ni Mr. Leeds sa Kabanata 18, ito daw ang piramide na binisita niya Khufu
8.1%
Bilang ng taon ng pagkasulat sa Noli me Tangere3
8%
LetranPilipino
7.8%
Sa Blg. 71- 73, tukuyin kung ano ang damit na sinusuot ng mga mag- aaral: AteneoEuropeo
7.6%
Sa Kabanata 2, ito ang rinegalo kay Padre IreneKabayong Kastanyo
7.3%
Nagpatulong ng pasasalaysay ni Mr. Leeds sa pamamagitan ng salitang itoDeremof
7%
Tauhang Kastila na walang pakialam sa pinagkakaguluhan sa opereta mula sa Pransiya. Siya ay sinasabing nakapila sa dulaanCamaroncocido
6.8%
Hinihingi Sagot % Correct
May sakit si Don Custodio ditoAtay
6.7%
Ikatlong puna ng mamamahayag sa parehong lilok (Blg. 65)Simoun
6.3%
Pamagat ng lilok na may lalaking nakagapos at may sombrerong nakatakipAng Bayan ng Abaka
6.2%
Ang hinihingi ni Simoun sa pagpapalitang- kuro niya kay BasilioPagkapawi ng pagkamamamayan
5.6%
Ikalawang puna ng mamamahayag sa parehong lilok (Blg. 65)Padre Irene
5.6%
Dalawang kahulugan ng pangalan ni Placidotahimik, pagdurusa
5.6%
Sa Kabanata 5, ito ang ipinakibili ng alperesKairel ng Relos
5.5%
Ito ang huling tagpuan sa El FilibusterismoDagat
5.5%
Taon ng isinilang si Rizal1861
5.4%
Isang lilok na sa una ay kamuha daw niya ayon sa mamamahayagQuiroga
5.2%
Tawag sa lilok na nakalaan pala sa mamamahayagLa Prenza Filipina
4.9%
Kamatayan ni RizalDisyembre 30, 1896
4.9%
Isinilang daw ang sinasabing ulo sa panahong itoAmasis
4.7%
Ang hinala ni Placido sa putol-putol na kawayan sa lugarPaputok
4.6%
Handa ka na ba bukas?Good Job!
4.6%
Kauna- unahang babaeng nagustuhan ni RizalSegunda Katigbak
4.5%
Ang kalsadang tinutukoy na dinaanan ng trosoTrozo
4.3%
Paanas na nag-uusap sina Padre Salvi at Don Custodio na ipagbawal ang palabas sa Dulaang ____Variadades
4.2%
Ito- ito ang mga kasama ng Kapitan Heneral sa Pulong sa Los BaƱosBanda ng Musikero, Pangkat ng mga Prayle, Sundalo at Kawani
4%
Siya ang nagdala ng pangkat ng mang-aawit na Pranses para sa nasabing dula sa Blg. 93Mr. Jouy
3.9%
Umibig ang sinasabing ulo sa Kabanata sa isang dalagang anak ng pari ngunit naghangad din sa kanya ang batang pari ng...Ahydos
3.8%
Komite kung saan kasapi si Don CustodioComision de Instruccion Primera
3.7%
Ang sinasabing Maestro sa KabanataGuro ng Tiani
3.7%
Araw na natapos ang El FilibusterismoMarso 21, 1891
3.1%
Siya ang Kura paroko ng isang katedral sa MaynilaJose Burgos
3.1%
Unang pormal na guro ni RizalJustiniano Aquino- Cruz
3%
Naghikayat kay Rizal na pumunta sa EuropaPedro Paterno
2.9%
Araw na natapos ang Noli Me TangerePebrero 21, 1887
2.8%
Si Mariano Gomez ay kura paroko ng....Bacoor, Cavite
2.8%
Pinalayas sina Paciano at dito nagtungoMindoro
2.7%
Araw ng pagkabitay ng GOMBURZAPebrero 17, 1872
2.7%
Pamagat ng dula sa MaynilaLes chochea de Corneville
2.5%
Nagtanggol kay Rizal na animo'y ispiya daw ng AlemanyaJose Taviel de Andrade
2.5%
Pag-aalsa noong...Enero 20, 1872
2.5%
Dahilan kung bakit binitay ang GOMBURZASekularisasyon
2.5%
Naghatol kay Rizal ng kamatayan at arawGob. Hen. Polavieja, Disyembre 26
2.2%
Unang binitay upang hindi makapagsalitaZaldua
2%
Ang tumanggi sa utos ng Gobernador sa Blg. 117Meliton Martinez
1.9%
Dito naging kagawad si Don Custodio (Buo)Sociedad Economica de Amigos del Pais, Junta de Mesiricordia
1.8%
Pangalan ng Gobernador na nagpautos na tanggalin ang abito sa oras ng kamatayan ng GOMBURZAGob. Hen. Rafael Izquierdo
1.5%

You're not logged in!

Compare scores with friends on all Sporcle quizzes.
OR
Log In

Sporcle TV

Today on Sporcle TV


Watch our educational content, quiz creation guides, and fun videos on Sporcle TV.

Show Comments

Extras

Created Aug 17, 2016ReportNominate
Tags:identify, term

Top Quizzes Today


Score Distribution

Your Account Isn't Verified!

In order to create a playlist on Sporcle, you need to verify the email address you used during registration. Go to your Sporcle Settings to finish the process.

Report this User

Report this user for behavior that violates our Community Guidelines.

Details: